Égypte antérieure : mélanges de préhistoire et d'archéologie offerts à Béatrix Midant-Reynes par ses étudiants, collègues et amis /
Other Authors: , , ,
Format: Book
Language:
French
English
German
Published:
Leuven ; Bristol, CT :
Peeters,
2021.
Series:
Orientalia Lovaniensia analecta ;
304.
Subjects:
Tags: Add Tag
Call Number: DS1 .O7 v.304
| LEADER | 02340nam a22005897a 4500 | ||
|---|---|---|---|
| 003 | OSt | ||
| 005 | 20260429054924.0 | ||
| 008 | 260429t20212021be abcd b 010 0dfre d | ||
| 010 | |a 2022435640 | ||
| 016 | 7 | |a 020550418 |2 Uk | |
| 020 | |a 9789042941403 |q (hardcover) | ||
| 020 | |a 9042941405 |q (hardcover) | ||
| 024 | 3 | |a 9789042941403 | |
| 035 | |a 22997829 | ||
| 035 | |a (OCoLC)1287229720 | ||
| 040 | |a OHX |b eng |c OHX |e rda |d YDX |d OCLCF |d OCLCO |d JPG |d OCLCO |d UKMGB |d JHE |d MEAUC |d DLC | ||
| 041 | 0 | |a fre |a eng |a ger | |
| 042 | |a lccopycat | ||
| 043 | |a f-ua--- |a fl----- | ||
| 050 | 1 | 4 | |a DS1 |b .O7 v.304 |
| 072 | 7 | |a DT |2 lcco | |
| 082 | 0 | 4 | |a 932/.011 |2 23 |
| 245 | 0 | 0 | |a Égypte antérieure : |b mélanges de préhistoire et d'archéologie offerts à Béatrix Midant-Reynes par ses étudiants, collègues et amis / |c édités par Nathalie Buchez et Yann Tristant ; avec la collaboration de Olivier Rochecouste. |
| 264 | 1 | |a Leuven ; |a Bristol, CT : |b Peeters, |c 2021. | |
| 264 | 4 | |c ©2021 | |
| 300 | |a l, 651 pages : |b illustrations (some color), maps, portraits, charts, plans, facsimiles ; |c 26 cm. | ||
| 336 | |a text |b txt |2 rdacontent | ||
| 336 | |a still image |b sti |2 rdacontent | ||
| 337 | |a unmediated |b n |2 rdamedia | ||
| 338 | |a volume |b nc |2 rdacarrier | ||
| 490 | 1 | |a Orientalia Lovaniensia analecta ; |x 0777-978X ; |v 304 | |
| 504 | |a Includes bibliographical references. | ||
| 546 | |a 16 French, 18 English, 1 German contributions. | ||
| 650 | 0 | |a Prehistoric peoples |z Egypt. | |
| 650 | 0 | |a Prehistoric peoples |z Nile River Valley. | |
| 650 | 7 | |a Antiquities. |2 fast |0 (OCoLC)fst00810745 | |
| 650 | 7 | |a Prehistoric peoples. |2 fast |0 (OCoLC)fst01075242 | |
| 651 | 0 | |a Egypt |x Antiquities. | |
| 651 | 0 | |a Nile River Valley |x Antiquities. | |
| 651 | 6 | |a Égypte |x Antiquités. | |
| 651 | 7 | |a Egypt. |2 fast |0 (OCoLC)fst01208755 | |
| 651 | 7 | |a Nile River Valley. |2 fast |0 (OCoLC)fst01274166 | |
| 700 | 1 | |a Midant-Reynes, Béatrix, |e honouree. | |
| 700 | 1 | |a Buchez, Nathalie, |e editor. | |
| 700 | 1 | |a Tristant, Yann, |e editor. | |
| 700 | 1 | |a Rochecouste, Olivier, |e contributor. | |
| 776 | 0 | 8 | |z 9789042941410 |i e-book version |
| 830 | 0 | |a Orientalia Lovaniensia analecta ; |v 304. | |
| 906 | |a 7 |b cbc |c copycat |d 2 |e ncip |f 20 |g y-gencatlg | ||
| 942 | |2 lcc |c BK | ||
| 955 | |b re12 2023-03-03 z-processor |i re12 2023-03-07 to CMD [Telework] | ||
| 999 | |c 62199 |d 62199 | ||
